| 000 | 00889cam a22002653a 4500 | ||
|---|---|---|---|
| 001 | 11982 | ||
| 003 | PGUSA | ||
| 005 | 20140828083243.0 | ||
| 008 | 040401s2004||||xxu|||||s|||||000 | eng d | ||
| 040 |
_aPGUSA _beng |
||
| 042 | _adc | ||
| 050 | 4 | _aJK | |
| 100 | 1 |
_aStanton, Elizabeth Cady, _d1815-1902 |
|
| 245 | 1 | 0 |
_aEighty Years and More; Reminiscences 1815-1897 _h[electronic resource] / _cElizabeth Cady Stanton |
| 260 |
_bProject Gutenberg, _c2004 |
||
| 506 | _aPublic domain in the USA. | ||
| 516 | _aElectronic text | ||
| 653 | _aSuffragists -- United States -- Biography | ||
| 653 | _aFeminism -- United States -- History -- 19th century | ||
| 653 | _aStanton, Elizabeth Cady, 1815-1902 | ||
| 653 | _aWomen -- Suffrage -- United States -- History -- 19th century | ||
| 830 | 0 |
_aProject Gutenberg _v11982 |
|
| 856 | 4 | 0 | _uhttp://www.gutenberg.org/ebooks/11982 |
| 942 | _cEB | ||
| 999 |
_c241237 _d241237 |
||